[Event "Spring North American FIDE Invitational"]
[Site "Schaumburg, IL USA"]
[Date "2006.04.20"]
[EventDate "2006.04.18"]
[Round "5"]
[Result "1/2-1/2"]
[White "Anna Zatonskih"]
[Black "Giorgi Margvelashvili"]
[WhiteElo "2433"]
[BlackElo "2441"]
[PlyCount "91"]

1. e4 c6 2. d4 d5 3. Nc3 dxe4 4. Nxe4 Bf5 5. Ng3 Bg6 6. Bc4 e6
7. N1e2 Bb4 8. c3 Bd6 9. Nf4 Nf6 10. Qf3 Nbd7 11. O-O Nb6
12. Bb3 a5 13. Nxg6 hxg6 14. Bg5 a4 15. Bc2 Ra5 16. h4 Be7
17. b4 axb3 18. axb3 Qa8 19. Rxa5 Qxa5 20. b4 Qd5 21. Ne4 Nxe4
22. Bxe4 Qd8 23. Bxe7 Qxe7 24. g3 O-O 25. Re1 Nd7 26. h5 gxh5
27. Qxh5 Nf6 28. Qh4 Qd8 29. Kg2 Nxe4 30. Qxd8 Rxd8 31. Rxe4
Ra8 32. Re3 Kf8 33. Kf3 Ke7 34. Ke4 Kd6 35. Rf3 f6 36. Re3 Ra2
37. f4 Rg2 38. Kd3 b5 39. Rf3 Kd5 40. Re3 Rf2 41. Re1 Rf3
42. Re3 Rxe3 43. Kxe3 Kc4 44. Kd2 f5 45. Kc2 Kd5 46. Kd3
1/2-1/2

[Event "Spring North American FIDE Invitational"]
[Site "Schaumburg, IL USA"]
[Date "2006.04.20"]
[EventDate "2006.04.18"]
[Round "6"]
[Result "1/2-1/2"]
[White "Joshua E Friedel"]
[Black "Anna Zatonskih"]
[WhiteElo "2455"]
[BlackElo "2433"]
[PlyCount "76"]

1. e4 e6 2. d4 d5 3. Nc3 dxe4 4. Nxe4 Nd7 5. Nf3 Ngf6 6. Nxf6
Nxf6 7. c3 c5 8. Ne5 a6 9. Bg5 h6 10. Bh4 Qd5 11. Bxf6 gxf6
12. Nc4 cxd4 13. Nb6 Qe4 14. Be2 Rb8 15. O-O dxc3 16. bxc3 Bc5
17. Rb1 O-O 18. Bd3 Qe5 19. Qg4 Qg5 20. Qe4 Qg7 21. Rfe1 Rd8
22. Qc4 Bxb6 23. Rxb6 Bd7 24. Re3 Bb5 25. Rxb5 axb5 26. Qf4
Rbc8 27. Rg3 Rxd3 28. Rxd3 Rc5 29. h4 Rc4 30. Qb8 Kh7 31. Qxb7
Rxh4 32. Qxb5 Qg6 33. Qb7 Re4 34. Kf1 Rh4 35. Kg1 Re4 36. Rd1
f5 37. Qb1 Rg4 38. g3 Rxg3 1/2-1/2

[Event "Spring North American FIDE Invitational"]
[Site "Schaumburg, IL USA"]
[Date "2006.04.21"]
[EventDate "2006.04.18"]
[Round "8"]
[Result "1-0"]
[White "Nikola Mitkov"]
[Black "Anna Zatonskih"]
[WhiteElo "2552"]
[BlackElo "2433"]
[PlyCount "75"]

1. d4 d5 2. Bf4 Nf6 3. e3 Bf5 4. Nf3 e6 5. c4 c6 6. Nc3 Qb6
7. Qc1 h6 8. c5 Qd8 9. Be2 Be7 10. h3 Nbd7 11. b4 O-O 12. O-O
Qc8 13. b5 Ne4 14. Nxe4 Bxe4 15. a4 Bd8 16. Bd6 Re8 17. Ne5
Ba5 18. Qa3 f6 19. Nd3 Bg6 20. Ra2 Nb8 21. Rc1 Rd8 22. Nf4 Bf7
23. Bg4 Re8 24. Rb2 Bc7 25. Rcb1 Bxd6 26. cxd6 Nd7 27. bxc6
bxc6 28. a5 Rb8 29. Rxb8 Nxb8 30. Qc5 Qd7 31. Be2 e5 32. dxe5
fxe5 33. Bg4 Qd8 34. Ne2 h5 35. Bf5 e4 36. Rb7 g6 37. Qxa7 Rf8
38. Be6 1-0

[Event "Spring North American FIDE Invitational"]
[Site "Schaumburg, IL USA"]
[Date "2006.04.21"]
[EventDate "2006.04.18"]
[Round "7"]
[Result "1/2-1/2"]
[White "Anna Zatonskih"]
[Black "Stanislav Smetankin"]
[WhiteElo "2433"]
[BlackElo "2485"]
[PlyCount "61"]

1. e4 c5 2. c3 Nf6 3. e5 Nd5 4. d4 cxd4 5. cxd4 d6 6. Nf3 Nc6
7. Bc4 Nb6 8. Bb5 dxe5 9. Nxe5 Bd7 10. Nxd7 Qxd7 11. Nc3 e6
12. O-O Be7 13. Qg4 O-O 14. Bxc6 bxc6 15. Bh6 Bf6 16. Rfd1 Kh8
17. Ne4 Qe7 18. Bg5 Bxg5 19. Qxg5 Qxg5 20. Nxg5 Nd5 21. Rac1
Rab8 22. b3 Rb6 23. Rd2 Kg8 24. Nf3 f6 25. g3 Kf7 26. Ne1 Rd8
27. Rc4 Ne7 28. Kf1 Rb5 29. Nc2 Ra5 30. Ne3 Rd7 31. Ke2
1/2-1/2

[Event "Spring North American FIDE Invitational"]
[Site "Schaumburg, IL USA"]
[Date "2006.04.22"]
[EventDate "2006.04.18"]
[Round "9"]
[Result "1/2-1/2"]
[White "Anna Zatonskih"]
[Black "Irina Krush"]
[WhiteElo "2433"]
[BlackElo "2437"]
[PlyCount "121"]

1. e4 c5 2. c3 Nf6 3. e5 Nd5 4. d4 cxd4 5. cxd4 e6 6. Nf3 d6
7. Bc4 Nc6 8. O-O Be7 9. Qe2 O-O 10. Rd1 Na5 11. Bxd5 exd5
12. Nc3 Be6 13. Bf4 a6 14. h3 Nc6 15. Rac1 Re8 16. Qd2 Rc8
17. exd6 Bxd6 18. Bxd6 Qxd6 19. Na4 Bf5 20. a3 h6 21. Rc3 Re7
22. Re1 Rce8 23. Rxe7 Rxe7 24. Re3 Be4 25. Nh2 f5 26. Re1 f4
27. f3 Bf5 28. Rxe7 Qxe7 29. Nc3 Qe6 30. Nf1 g5 31. Ne2 Bg6
32. Kf2 Kf7 33. Qc3 Ke7 34. Nd2 Kd6 35. Nf1 b6 36. Nd2 Qf5
37. Nb3 a5 38. Nbc1 Qc2 39. Qxc2 Bxc2 40. Ke1 Ne7 41. h4 Nf5
42. hxg5 hxg5 43. b3 Nh4 44. Kf2 Nf5 45. Ke1 a4 46. bxa4 Bxa4
47. Nc3 Bc2 48. N3e2 Ne3 49. g3 g4 50. gxf4 gxf3 51. Ng3 Ng4
52. Kd2 Ba4 53. Nd3 Bb5 54. Ne5 Nf6 55. Nxf3 Ke6 56. Ne5 Ne8
57. f5 Kf6 58. Ke3 Kg5 59. Nd3 Bxd3 60. Kxd3 Nd6 61. Ne2
1/2-1/2

[Event "37th Chess Olympiad: Women"]
[Site "Turin ITA"]
[Date "2006.05.22"]
[EventDate "2006.05.21"]
[Round "2"]
[Result "1-0"]
[White "Monika Tsiganova"]
[Black "Anna Zatonskih"]
[WhiteElo "2267"]
[BlackElo "2433"]
[PlyCount "77"]

1. d4 Nf6 2. Nf3 e6 3. c4 b6 4. e3 Bb7 5. Bd3 d5 6. O-O Nbd7
7. b3 Be7 8. Bb2 O-O 9. Nc3 Rc8 10. Qe2 c5 11. cxd5 exd5
12. Rac1 Re8 13. Rfd1 Qc7 14. Bf5 a6 15. dxc5 bxc5 16. Na4
Rcd8 17. Nxc5 Nxc5 18. b4 d4 19. Bxd4 g6 20. Bb1 Ng4 21. g3 f5
22. Bxc5 Rxd1+ 23. Qxd1 Rd8 24. Bd4 Qd7 25. Bd3 Kf8 26. h3 Nf6
27. a3 f4 28. Bf1 fxg3 29. fxg3 Ne4 30. Bg2 Qe6 31. Qf1 Kg8
32. Rc7 Bd5 33. g4 Rf8 34. Qd1 h6 35. Qd3 Rf7 36. Ne5 Ng5
37. Nxf7 Nxh3+ 38. Bxh3 Kxf7 39. Bc5 1-0

[Event "37th Chess Olympiad: Women"]
[Site "Turin ITA"]
[Date "2006.05.23"]
[EventDate "2006.05.21"]
[Round "3"]
[Result "1-0"]
[White "Anna Zatonskih"]
[Black "Yaniet Marrero Lopez"]
[WhiteElo "2433"]
[BlackElo "1991"]
[PlyCount "63"]

1. e4 e5 2. Bc4 Nf6 3. d3 c6 4. Nf3 d5 5. Bb3 a5 6. Nc3 Bg4
7. a3 d4 8. Ne2 Bd6 9. Ng5 O-O 10. f3 Bd7 11. f4 a4 12. Ba2
exf4 13. O-O Ng4 14. Nxf7 Rxf7 15. Bxf4 Bxf4 16. Rxf4 Ne5
17. Nxd4 Qb6 18. c3 c5 19. Bxf7+ Nxf7 20. Qh5 Be8 21. Nf5 Qxb2
22. Raf1 Qxc3 23. Ne7+ Kh8 24. Rxf7 Qd4+ 25. Kh1 Bxf7 26. Qxf7
Nd7 27. Nf5 Qf6 28. Qxd7 Rf8 29. h3 g6 30. Ne3 Qd8 31. Qxd8
Rxd8 32. Nd5 1-0

[Event "37th Chess Olympiad: Women"]
[Site "Turin ITA"]
[Date "2006.05.28"]
[EventDate "2006.05.21"]
[Round "7"]
[Result "1/2-1/2"]
[White "Anna Zatonskih"]
[Black "Dronavalli Harika"]
[WhiteElo "2433"]
[BlackElo "2358"]
[PlyCount "83"]

1. d4 Nf6 2. c4 c5 3. d5 e5 4. Nc3 d6 5. e4 Be7 6. Bd3 Nbd7
7. Nf3 O-O 8. h3 a6 9. Be3 Nh5 10. Qd2 g6 11. Bh6 Ng7 12. g4
Nf6 13. Nh2 Kh8 14. Be3 Ng8 15. O-O-O f5 16. exf5 gxf5 17. f3
Bd7 18. Rdg1 b5 19. Nf1 Rb8 20. Bb1 bxc4 21. Ng3 Bh4 22. f4 e4
23. Rh2 Bf6 24. g5 Bd4 25. Bxd4 cxd4 26. Qxd4 Qb6 27. Rd1 Qxd4
28. Rxd4 Ne7 29. Rxc4 Rfc8 30. Rxc8+ Rxc8 31. Rc2 Be8 32. a3
Nh5 33. Nxh5 Bxh5 34. Kd2 Ng6 35. Ke3 Nh4 36. Kf2 Re8 37. Kg3
Ng6 38. Ne2 Ne7 39. Rd2 Ng6 40. Rc2 Ne7 41. Rd2 Ng6 42. Rc2
1/2-1/2

[Event "37th Chess Olympiad: Women"]
[Site "Turin ITA"]
[Date "2006.05.29"]
[EventDate "2006.05.21"]
[Round "8"]
[Result "1-0"]
[White "Tatiana Kosintseva"]
[Black "Anna Zatonskih"]
[WhiteElo "2489"]
[BlackElo "2433"]
[PlyCount "65"]

1. e4 e6 2. d4 d5 3. Nc3 Nf6 4. e5 Nfd7 5. f4 c5 6. Nf3 Nc6
7. Be3 a6 8. Qd2 b5 9. a3 g5 10. fxg5 cxd4 11. Nxd4 Ncxe5
12. Bd3 Nxd3+ 13. cxd3 Ne5 14. O-O Bg7 15. Nce2 Ng4 16. Ng3
Qd6 17. Rae1 O-O 18. Kh1 Nxe3 19. Qxe3 Qb6 20. Rf6 Bxf6
21. gxf6 Kh8 22. Qh6 Rg8 23. Nf3 Bb7 24. Ng5 Rxg5 25. Qxg5 Rg8
26. Qe5 b4 27. d4 bxa3 28. bxa3 Bc6 29. Qd6 Qa5 30. Rxe6 fxe6
31. Qe5 Qxa3 32. f7+ Rg7 33. Qb8+ 1-0

[Event "37th Chess Olympiad: Women"]
[Site "Turin ITA"]
[Date "2006.06.02"]
[EventDate "2006.05.21"]
[Round "11"]
[Result "1-0"]
[White "Anna Zatonskih"]
[Black "Anna Muzychuk"]
[WhiteElo "2433"]
[BlackElo "2418"]
[PlyCount "183"]

1. d4 Nf6 2. Nf3 c5 3. d5 e6 4. c4 exd5 5. cxd5 d6 6. Nc3 g6
7. e4 Bg7 8. h3 O-O 9. Bd3 b5 10. Bxb5 Nxe4 11. Nxe4 Qa5+
12. Nfd2 Qxb5 13. Nxd6 Qa6 14. N2c4 Nd7 15. O-O Nb6 16. Nxb6
Qxb6 17. Nxc8 Raxc8 18. Rb1 Rfd8 19. Bf4 Qb7 20. d6 Bf8
21. Qd3 Bxd6 22. Bxd6 Rc6 23. Rfd1 Qd7 24. Qa3 Rxd6 25. Rxd6
Qxd6 26. Qxa7 Qd5 27. Rc1 Qg5 28. Rf1 Qd5 29. Qe7 Ra8 30. a3
Qd4 31. Qb7 Re8 32. Qb5 Re5 33. Qb6 Re6 34. Qc7 Re2 35. b3 h5
36. a4 Ra2 37. a5 Kg7 38. Qb6 Qb4 39. Qxb4 cxb4 40. Rd1 Ra3
41. Rd3 Kf6 42. Re3 Kf5 43. f3 h4 44. a6 g5 45. a7 Rxa7
46. Re4 Rb7 47. Kf2 Rb5 48. Kf1 f6 49. Kf2 Rb6 50. Rc4 Rb5
51. Ke3 Re5+ 52. Kd3 Rd5+ 53. Ke2 Re5+ 54. Kf2 Rb5 55. Rd4 Rb6
56. Ke3 Rc6 57. Kf2 Rb6 58. Rd5+ Ke6 59. Rc5 Kd6 60. Rc4 Ke5
61. f4+ Kf5 62. fxg5 fxg5 63. Kf3 Rb5 64. Rd4 Rc5 65. Rxb4
Rc3+ 66. Kf2 Rc2+ 67. Kg1 Rc1+ 68. Kh2 Rb1 69. Rb8 Kg6
70. Rb6+ Kg7 71. g4 Rb2+ 72. Kg1 Rc2 73. b4 Kf7 74. b5 Rb2
75. Rb8 Kg7 76. b6 Rb3 77. b7 Rb2 78. Kf1 Kh7 79. Ke1 Kg7
80. Kd1 Rb6 81. Kd2 Rb1 82. Kd3 Rb4 83. Kc3 Rb1 84. Kc4 Rb2
85. Kd5 Rb1 86. Kd6 Rd1+ 87. Ke6 Rb1 88. Rd8 Rb6+ 89. Rd6 Rb3
90. Rd7+ Kg6 91. Ke7 Rb1 92. Kd8 1-0

[Event "37th Chess Olympiad: Women"]
[Site "Turin ITA"]
[Date "2006.06.04"]
[EventDate "2006.05.21"]
[Round "13"]
[Result "1/2-1/2"]
[White "Elisabeth Paehtz"]
[Black "Anna Zatonskih"]
[WhiteElo "2438"]
[BlackElo "2433"]
[PlyCount "45"]

1. e4 e5 2. Nf3 Nf6 3. Nc3 Nc6 4. d4 exd4 5. Nxd4 Bb4 6. Nxc6
bxc6 7. Bd3 d5 8. exd5 cxd5 9. O-O O-O 10. Bg5 c6 11. Na4 Bd6
12. Re1 h6 13. Bh4 Be6 14. Qf3 Rb8 15. c3 c5 16. b3 Re8
17. Bc2 Bd7 18. Rxe8+ Bxe8 19. Nb2 Be7 20. Rd1 Qa5 21. Bb1 Bd7
22. h3 Be6 23. Bg3 1/2-1/2

[Event "Marseille Chess Festival"]
[Site "Marseille FRA"]
[Date "2006.07.01"]
[EventDate "2006.06.30"]
[Round "2"]
[Result "0-1"]
[White "Laura Fernandez"]
[Black "Anna Zatonskih"]
[WhiteElo "1962"]
[BlackElo "2433"]
[PlyCount "88"]

1. e4 e6 2. d4 d5 3. Nc3 Bb4 4. Nge2 dxe4 5. a3 Be7 6. Nxe4
Nd7 7. c4 Ngf6 8. N2c3 Nxe4 9. Nxe4 Nf6 10. Nc3 b6 11. Be2 Bb7
12. Bf3 Bxf3 13. Qxf3 O-O 14. Be3 Qd7 15. Rd1 Rfd8 16. O-O c6
17. Rd2 Rac8 18. Rfd1 Ne8 19. d5 cxd5 20. cxd5 e5 21. d6 Nxd6
22. Qd5 Qf5 23. a4 h6 24. Qa2 Ne4 25. Rxd8+ Rxd8 26. Rxd8+
Bxd8 27. Qb1 Nd6 28. Qd1 Be7 29. Nd5 Bf8 30. b3 Kh8 31. h3 Qd7
32. Nb4 Qb7 33. Qg4 Kh7 34. Nd3 Qd5 35. Nc1 f5 36. Qh5 g6
37. Qe2 Bg7 38. Qc2 f4 39. Bd2 Ne4 40. Bb4 f3 41. Qd3 Qc6
42. Qe3 fxg2 43. f3 Ng5 44. Kxg2 Qd7 0-1

[Event "Marseille Chess Festival"]
[Site "Marseille FRA"]
[Date "2006.07.02"]
[EventDate "2006.06.30"]
[Round "3"]
[Result "1/2-1/2"]
[White "Anna Zatonskih"]
[Black "Elena Luminita Radu Cosma"]
[WhiteElo "2433"]
[BlackElo "2370"]
[PlyCount "139"]

1. e4 e6 2. d4 d5 3. Nc3 h6 4. Bd3 Nc6 5. Nf3 Nb4 6. Bb5+ c6
7. Be2 Nf6 8. e5 Ne4 9. a3 Nxc3 10. bxc3 Na6 11. O-O c5 12. c4
Nc7 13. cxd5 Nxd5 14. Qd3 a6 15. c4 Ne7 16. dxc5 Qxd3 17. Bxd3
Bd7 18. Be3 O-O-O 19. Nd4 Nc6 20. Nxc6 Bxc6 21. Bc2 Be7
22. Rfd1 Rxd1+ 23. Rxd1 h5 24. f3 h4 25. Kf2 Rh5 26. Bd4 Bg5
27. Be4 Bxe4 28. fxe4 Bf4 29. h3 Bxe5 30. Be3 Bf6 31. Rb1 Bd8
32. Bd4 g6 33. Kf3 Bc7 34. Be3 f5 35. Rd1 fxe4+ 36. Kxe4 Rf5
37. a4 Bg3 38. Rb1 Bf2 39. c6 bxc6 40. Rb6 Bxe3 41. Kxe3 Ra5
42. Rxc6+ Kd7 43. Rb6 Rxa4 44. c5 g5 45. Rd6+ Ke7 46. Rb6 Rc4
47. Rxa6 Rxc5 48. Ra3 Rf5 49. Ra8 Kf7 50. Ra3 Rf4 51. Rb3 Kf6
52. Ra3 Rb4 53. Kf3 Rf4+ 54. Ke3 Rf5 55. Ke4 Rf2 56. g3 hxg3
57. Rxg3 Rf4+ 58. Ke3 Ra4 59. Rf3+ Ke5 60. Ke2 Ra2+ 61. Kf1
Ke4 62. Rf8 Rh2 63. Rg8 Kf4 64. Rf8+ Kg3 65. Rf6 Kxh3 66. Rxe6
g4 67. Kg1 Rg2+ 68. Kh1 Ra2 69. Re3+ g3 70. Re1 1/2-1/2

[Event "Marseille Chess Festival"]
[Site "Marseille FRA"]
[Date "2006.07.03"]
[EventDate "2006.06.30"]
[Round "4"]
[Result "1/2-1/2"]
[White "Pauline Guichard"]
[Black "Anna Zatonskih"]
[WhiteElo "2243"]
[BlackElo "2433"]
[PlyCount "28"]

1. d4 e6 2. Nf3 Nf6 3. Bg5 h6 4. Bxf6 Qxf6 5. e4 g6 6. Nc3 Bg7
7. Qd2 d6 8. O-O-O a6 9. e5 Qe7 10. h4 d5 11. Ne1 c5 12. f4
cxd4 13. Ne2 f6 14. Nf3 fxe5 1/2-1/2

[Event "Marseille Chess Festival"]
[Site "Marseille FRA"]
[Date "2006.07.03"]
[EventDate "2006.06.30"]
[Round "5"]
[Result "1-0"]
[White "Anna Zatonskih"]
[Black "Mathilde Choisy"]
[WhiteElo "2433"]
[BlackElo "2158"]
[PlyCount "97"]

1. d4 Nf6 2. c4 c5 3. d5 b5 4. cxb5 a6 5. bxa6 g6 6. Nc3 Bxa6
7. e4 Bxf1 8. Kxf1 d6 9. Nge2 Bg7 10. h3 O-O 11. Kg1 Nbd7
12. Kh2 Qa5 13. Qc2 Rfb8 14. Rd1 Ne8 15. Bd2 Nc7 16. b3 Nb5
17. Nxb5 Qxb5 18. Bc3 Bxc3 19. Nxc3 Qb4 20. Ne2 Ra7 21. f3
Rba8 22. Qd2 Qxd2 23. Rxd2 Ra3 24. Nc1 Nb6 25. Rb1 Kg7 26. Kg3
Kf6 27. Rbb2 c4 28. Rdc2 cxb3 29. axb3 Rb8 30. Ra2 Rxa2
31. Nxa2 Nd7 32. b4 Ne5 33. Rb2 Nd3 34. Rb3 Nc5 35. Ra3 Nd7
36. Ra4 Nb6 37. Ra6 Nc4 38. Rc6 Nb2 39. Rc3 Na4 40. Rc2 Rb7
41. Kf4 g5+ 42. Ke3 Ke5 43. Nc1 f5 44. Nd3+ Kf6 45. Rc6 fxe4
46. fxe4 Kf7 47. Kd4 Nb6 48. e5 dxe5+ 49. Nxe5+ 1-0

[Event "Marseille Chess Festival"]
[Site "Marseille FRA"]
[Date "2006.07.04"]
[EventDate "2006.06.30"]
[Round "6"]
[Result "0-1"]
[White "Sarah Bismuth"]
[Black "Anna Zatonskih"]
[WhiteElo "1960"]
[BlackElo "2433"]
[PlyCount "42"]

1. e4 e6 2. d4 d5 3. exd5 exd5 4. Bd3 c5 5. dxc5 Bxc5 6. Nc3
Nf6 7. Bg5 O-O 8. Qd2 h6 9. Bh4 d4 10. Bxf6 Qxf6 11. Ne4 Qe7
12. O-O-O Bb4 13. Qf4 Qe6 14. a3 Be7 15. h3 Qa2 16. Qe5 Nc6
17. Qb5 Be6 18. f4 a6 19. Qb6 Rfc8 20. Nd2 Bd8 21. Qc5 Na5 0-1

[Event "Paris Championship"]
[Site "Paris FRA"]
[Date "2006.07.12"]
[EventDate "2006.07.08"]
[Round "5"]
[Result "1/2-1/2"]
[White "Anna Zatonskih"]
[Black "Thierry Manouck"]
[WhiteElo "2432"]
[BlackElo "2337"]
[PlyCount "69"]

1. d4 d6 2. c4 Nf6 3. Nf3 Nbd7 4. Nc3 e5 5. e4 c6 6. Be2 Be7
7. O-O a6 8. Qc2 O-O 9. Rd1 Qc7 10. Rb1 b5 11. b4 Bb7 12. dxe5
Nxe5 13. Nxe5 dxe5 14. Be3 Rad8 15. Rdc1 Rd7 16. a4 bxc4
17. Bxc4 Ng4 18. Qe2 Nxe3 19. Qxe3 a5 20. b5 Qd8 21. Rd1 Rd4
22. bxc6 Bxc6 23. Bd5 Bb4 24. Nb5 Bxb5 25. axb5 Bc5 26. Rdc1
Rd1+ 27. Rxd1 Bxe3 28. Bxf7+ Kxf7 29. Rxd8 Bxf2+ 30. Kxf2 Rxd8
31. Ra1 Rd4 32. b6 a4 33. Rb1 Rd8 34. Ke3 a3 35. Ra1 1/2-1/2

[Event "Paris Championship"]
[Site "Paris FRA"]
[Date "2006.07.13"]
[EventDate "2006.07.08"]
[Round "6"]
[Result "0-1"]
[White "Robert Forthofer"]
[Black "Anna Zatonskih"]
[WhiteElo "2255"]
[BlackElo "2432"]
[PlyCount "118"]

1. e4 d5 2. d4 dxe4 3. Nc3 Bf5 4. g4 Bg6 5. Bg2 Nf6 6. g5 Nd5
7. Nxe4 c6 8. Ne2 e6 9. c4 Ne7 10. Qb3 Bxe4 11. Bxe4 Qb6
12. Qd3 g6 13. h4 Na6 14. c5 Qd8 15. h5 Qd7 16. Bf4 O-O-O
17. hxg6 Nxg6 18. Bxg6 fxg6 19. Be5 Bg7 20. Bxg7 Qxg7 21. Qe3
Nc7 22. O-O-O Rhe8 23. Qe5 Qf7 24. Nc3 Rf8 25. Ne4 Ne8 26. Rh4
Rd5 27. Qh2 Qf3 28. Nf6 Nxf6 29. Rf4 Qh5 30. Qxh5 gxh5
31. gxf6 Rg5 32. Re1 Kd7 33. Re5 h6 34. Kd2 Rg4 35. Rxg4 hxg4
36. Re4 Rxf6 37. Rxg4 Rxf2+ 38. Ke3 Rf7 39. Rg6 Rh7 40. Kf4 h5
41. Kg3 h4+ 42. Kh3 Ke7 43. Rg8 Kf6 44. b4 Kf5 45. Rd8 Ke4
46. Rd6 Kd3 47. a4 Kc4 48. b5 cxb5 49. c6 bxc6 50. Rxc6+ Kxd4
51. axb5 e5 52. b6 axb6 53. Rxb6 e4 54. Rb4+ Ke3 55. Rb8 Ke2
56. Re8 e3 57. Re6 Kf2 58. Rf6+ Ke1 59. Kg2 h3+ { 60. Kg1 e2
61. Ra6 Rg7+ 62. Kh1 Rg4 63. Kh2 Kf2 64. Kxh3 Re4 65. Ra2 Kf1
} 0-1

[Event "Paris Championship"]
[Site "Paris FRA"]
[Date "2006.07.14"]
[EventDate "2006.07.08"]
[Round "7"]
[Result "1-0"]
[White "Anna Zatonskih"]
[Black "Angel Paredes Galan"]
[WhiteElo "2432"]
[BlackElo "2361"]
[PlyCount "51"]

1. e4 e6 2. d4 d5 3. e5 c5 4. Nf3 Nc6 5. Bd3 Bd7 6. O-O Rc8
7. a3 Nxd4 8. Nxd4 cxd4 9. Nd2 Ne7 10. Nf3 Nc6 11. b4 a6
12. Bb2 Qb6 13. Qe2 g6 14. h4 Bg7 15. h5 gxh5 16. Rad1 Ke7
17. Rfe1 Rcg8 18. Qd2 h6 19. Qf4 f6 20. Qh4 Qc7 21. Nxd4 Kf7
22. Qxh5+ Kf8 23. Nxc6 Bxc6 24. exf6 d4 25. Rxe6 Bd7 26. Re7
1-0

[Event "Paris Championship"]
[Site "Paris FRA"]
[Date "2006.07.15"]
[EventDate "2006.07.08"]
[Round "8"]
[Result "1/2-1/2"]
[White "Christian Bauer"]
[Black "Anna Zatonskih"]
[WhiteElo "2599"]
[BlackElo "2432"]
[PlyCount "64"]

1. e4 e5 2. Bc4 Nf6 3. d3 c6 4. Nf3 d5 5. Bb3 Bd6 6. exd5 Nxd5
7. O-O O-O 8. Re1 Nd7 9. Nbd2 Bc7 10. Ne4 h6 11. Bd2 Re8
12. a3 N5f6 13. Bb4 Nxe4 14. dxe4 Qf6 15. a4 a5 16. Ba3 Bb6
17. Qd6 Qxd6 18. Bxd6 Bc5 19. Bc7 Bb6 20. Bxb6 Nxb6 21. Re3
Bg4 22. h3 Bxf3 23. Rxf3 Re7 24. Rd1 Kf8 25. Rd6 Ke8 26. g3 f6
27. Rc3 Rd7 28. Rxd7 Nxd7 29. Be6 Ke7 30. Bf5 Rd8 31. Kg2 Kd6
32. Kf3 Nc5 1/2-1/2

[Event "Paris Championship"]
[Site "Paris FRA"]
[Date "2006.07.16"]
[EventDate "2006.07.08"]
[Round "9"]
[Result "1/2-1/2"]
[White "Anna Zatonskih"]
[Black "Andrei Shchekachev"]
[WhiteElo "2432"]
[BlackElo "2593"]
[PlyCount "120"]

1. e4 c5 2. c3 d5 3. exd5 Qxd5 4. d4 Nf6 5. Na3 e6 6. Be3 cxd4
7. Nb5 Na6 8. Qxd4 Bd7 9. Nf3 Bc5 10. Qxd5 Nxd5 11. Bxc5 Nxc5
12. Ne5 Bxb5 13. Bxb5+ Ke7 14. O-O-O Rhd8 15. g3 f6 16. Ng4 h5
17. Ne3 Nxe3 18. fxe3 Ne4 19. Rxd8 Rxd8 20. Rd1 Nd6 21. Bd3
Rc8 22. Rd2 Rc5 23. Kc2 a5 24. b3 b5 25. Kb2 Re5 26. Re2 Rg5
27. Rf2 Rd5 28. Kc2 Re5 29. Kd2 Rc5 30. Rf4 g5 31. Rf1 Rd5
32. Ke2 Rc5 33. Kd2 Rc8 34. Ra1 Rb8 35. Rc1 h4 36. g4 f5
37. Rg1 Kf6 38. Rf1 Ke5 39. Rg1 Rg8 40. Ke2 b4 41. c4 Nf7
42. c5 fxg4 43. Rxg4 Kf6 44. Rg1 Rc8 45. Rc1 g4 46. c6 Ke7
47. Ba6 Rc7 48. Bb7 Ne5 49. Rc5 Kd6 50. Rxa5 g3 51. hxg3 h3
52. Ra8 Rg7 53. Rh8 Rxg3 54. Rh7 Nxc6 55. Bxc6 Kxc6 56. Rh4
Kc5 57. Rh5+ Kd6 58. Rh4 Kc5 59. Rh5+ Kd6 60. Rh4 Rg4 1/2-1/2

[Event "US Women's Championship"]
[Site "Stillwater, Oklahoma"]
[Date "2007.07.16"]
[EventDate "?"]
[Round "1"]
[Result "1-0"]
[White "Anna Zatonskih"]
[Black "Alisa Melekhina"]
[WhiteElo "2491"]
[BlackElo "2168"]
[PlyCount "71"]

1. d4 Nf6 2. c4 g6 3. Nc3 Bg7 4. e4 d6 5. f4 O-O 6. Nf3 c5
7. d5 e6 8. dxe6 Bxe6 9. Bd3 Nc6 10. f5 Bd7 11. O-O Ng4
12. Nd5 Nd4 13. Kh1 Nxf3 14. Qxf3 Qh4 15. Bf4 Be5 16. h3 h5
17. Rad1 Bc6 18. Be2 Bxd5 19. Rxd5 Rae8 20. Bxe5 Nxe5 21. Qe3
Ng4 22. Bxg4 hxg4 23. Rf4 Qh6 24. Rxd6 Rd8 25. e5 gxh3 26. g3
Rfe8 27. fxg6 fxg6 28. Qd3 Rxd6 29. exd6 Re1+ 30. Kh2 Qh5
31. Rf2 Re8 32. d7 Rd8 33. Qe4 Qg5 34. Qe8+ Kg7 35. Rf4 b6
36. Qf7+ 1-0

[Event "US Women's Championship"]
[Site "?"]
[Date "2007.07.17"]
[EventDate "2007.07.16"]
[Round "3"]
[Result "0-1"]
[White "Chouchanik Airapetian"]
[Black "Anna Zatonskih"]
[WhiteElo "2157"]
[BlackElo "2491"]
[PlyCount "64"]

1. e4 c6 2. d4 d5 3. exd5 cxd5 4. Bd3 Nc6 5. c3 Qc7 6. Nd2 Nf6
7. h3 g6 8. Ngf3 Bf5 9. Qe2 Bxd3 10. Qxd3 Bg7 11. O-O O-O
12. Re1 e6 13. b4 Rac8 14. b5 Na5 15. Ba3 Rfd8 16. Ne5 Ne8
17. Bb4 Nd6 18. a4 Nac4 19. Nb3 Ne4 20. f3 Ned6 21. Nc5 Nxe5
22. dxe5 Nf5 23. f4 g5 24. g3 Bf8 25. Nb3 Bxb4 26. cxb4 Qc3
27. Rad1 Qxb4 28. Rc1 gxf4 29. g4 Nh4 30. Kf2 Qxa4 31. Ra1 Qb4
32. Rec1 Qe4 0-1

[Event "US Women's Championship"]
[Site "?"]
[Date "2007.07.17"]
[EventDate "2007.07.16"]
[Round "4"]
[Result "1/2-1/2"]
[White "Anna Zatonskih"]
[Black "Irina Krush"]
[WhiteElo "2491"]
[BlackElo "2497"]
[PlyCount "21"]

1. d4 d5 2. Nf3 Nf6 3. c4 dxc4 4. Qa4+ Nc6 5. Nc3 e6 6. Qxc4
Nb4 7. Qb3 c5 8. e3 cxd4 9. Nxd4 Be7 10. a3 Nbd5 11. Nxd5
1/2-1/2

[Event "US Women's Championship"]
[Site "?"]
[Date "2007.07.18"]
[EventDate "2007.07.16"]
[Round "5"]
[Result "1-0"]
[White "Katerina Rohonyan"]
[Black "Anna Zatonskih"]
[WhiteElo "2304"]
[BlackElo "2491"]
[PlyCount "77"]

1. e4 e5 2. d4 exd4 3. Nf3 Nc6 4. Bc4 d6 5. Nxd4 Nf6 6. Nc3
Be7 7. O-O O-O 8. h3 Ne5 9. Be2 Re8 10. Re1 a5 11. a4 Bf8
12. Bf1 c6 13. Be3 Ned7 14. f3 Ne5 15. f4 Ned7 16. Qf3 Nb6
17. Bf2 d5 18. e5 Nfd7 19. e6 Nf6 20. exf7+ Kxf7 21. Rxe8 Qxe8
22. Re1 Qd8 23. g4 Bb4 24. Bd3 c5 25. g5 Ne4 26. Bxe4 dxe4
27. Rxe4 Bd7 28. Ndb5 Bc6 29. Qh5+ Kg8 30. Re1 Nxa4 31. Qe2
Nxb2 32. Qe6+ Kh8 33. Nd6 Qf8 34. g6 Bxc3 35. Nf7+ Kg8
36. gxh7+ Kxh7 37. Ng5+ Kh8 38. Qg6 Be4 39. Rxe4 1-0

[Event "US Women's Championship"]
[Site "?"]
[Date "2007.07.18"]
[EventDate "2007.07.16"]
[Round "6"]
[Result "1/2-1/2"]
[White "Anna Zatonskih"]
[Black "Tatev Abrahamyan"]
[WhiteElo "2491"]
[BlackElo "2258"]
[PlyCount "122"]

1. d4 Nf6 2. c4 g6 3. Nc3 Bg7 4. e4 d6 5. f4 O-O 6. Nf3 c5
7. dxc5 Qa5 8. Bd3 Qxc5 9. Qe2 Bg4 10. Be3 Qa5 11. O-O Nc6
12. Rac1 Nd7 13. Qf2 Bxf3 14. gxf3 Rac8 15. Rfd1 Nc5 16. Bf1
Na4 17. Rd5 Nc5 18. e5 Nb4 19. Rdd1 Na4 20. Nd5 Nxd5 21. Rxd5
Qc7 22. b3 Nc5 23. Rcd1 Rcd8 24. Qd2 Ne6 25. Bh3 f5 26. exd6
exd6 27. Rxd6 Bh6 28. Bf1 Rxd6 29. Qxd6 Qxd6 30. Rxd6 Nxf4
31. Bxa7 Ra8 32. Bd4 Rxa2 33. c5 Rd2 34. Bf6 Ne2+ 35. Kf2 Nd4+
36. Kg3 Ne2+ 37. Kh4 Kf7 38. Be5 Ng1 39. Bc4+ Ke7 40. Kg3 Ne2+
41. Kf2 Nd4+ 42. Kg3 Ne2+ 43. Bxe2 Rxe2 44. Bf4 Bxf4+ 45. Kxf4
Rc2 46. Rb6 Rxc5 47. Rxb7+ Kf6 48. Rb6+ Ke7 49. h4 Kf7 50. Kg5
Rc3 51. Rb7+ Ke6 52. Kf4 h6 53. Rb6+ Kf7 54. b4 g5+ 55. hxg5
hxg5+ 56. Kxf5 Rxf3+ 57. Kxg5 Ke7 58. Rc6 Rb3 59. Rc4 Kd6
60. Kf5 Kd5 61. Rf4 Kc6 1/2-1/2